2025-26 NFL Offensive Starters - Statistics

General Stats
  • This quiz has been taken 184 times
  • The average score is 104 of 160
Answer Stats
Team Position Answer % Correct
Buffalo Bills QB Josh Allen
98%
Philadelphia Eagles WR DeVonta Smith
93%
Las Vegas Raiders QB Geno Smith
93%
Seattle Seahawks WR Jaxon Smith-Njigba
93%
Los Angeles Chargers WR Keenan Allen
93%
Miami Dolphins QB Tua Tagovailoa
93%
Philadelphia Eagles WR AJ Brown
91%
New England Patriots QB Drake Maye
91%
Baltimore Ravens QB Lamar Jackson
91%
Detroit Lions WR Amon-Ra St. Brown
90%
Cincinnati Bengals QB Joe Burrow
90%
Kansas City Chiefs QB Patrick Mahomes
90%
Chicago Bears QB Caleb Williams
89%
Cincinnati Bengals RB Chase Brown
89%
Baltimore Ravens RB Derrick Henry
89%
Kansas City Chiefs WR Marquise Brown
89%
Pittsburgh Steelers QB Aaron Rodgers
88%
New England Patriots TE Hunter Henry
88%
Philadelphia Eagles QB Jalen Hurts
88%
Detroit Lions WR Jameson Williams
88%
Dallas Cowboys RB Javonte Williams
88%
Kansas City Chiefs TE Travis Kelce
88%
Denver Broncos QB Bo Nix
87%
Houston Texans QB CJ Stroud
87%
Indianapolis Colts QB Daniel Jones
87%
Cincinnati Bengals WR Ja'Marr Chase
87%
Los Angeles Rams RB Kyren Williams
87%
New England Patriots WR Stefon Diggs
87%
Jacksonville Jaguars QB Trevor Lawrence
86%
Buffalo Bills RB James Cook
85%
Green Bay Packers QB Jordan Love
85%
Philadelphia Eagles RB Saquon Barkley
85%
San Francisco 49ers QB Brock Purdy
84%
Dallas Cowboys QB Dak Prescott
84%
Detroit Lions QB Jared Goff
84%
Los Angeles Chargers QB Justin Herbert
84%
Los Angeles Rams QB Matthew Stafford
84%
Cleveland Browns QB Shedeur Sanders
83%
Tampa Bay Buccaneers QB Baker Mayfield
82%
New York Jets WR Garrett Wilson
82%
New York Giants QB Jaxson Dart
81%
Seattle Seahawks QB Sam Darnold
81%
Carolina Panthers QB Bryce Young
80%
Tennessee Titans QB Cam Ward
80%
Indianapolis Colts RB Jonathan Taylor
80%
Minnesota Vikings WR Justin Jefferson
80%
Arizona Cardinals WR Michael Wilson
80%
Dallas Cowboys WR CeeDee Lamb
79%
Miami Dolphins RB De'Von Achane
79%
Minnesota Vikings QB JJ McCarthy
79%
New York Jets QB Justin Fields
79%
New York Jets TE Mason Taylor
79%
San Francisco 49ers RB Christian McCaffrey
78%
Los Angeles Rams WR Davante Adams
77%
Atlanta Falcons RB Bijan Robinson
76%
San Francisco 49ers TE George Kittle
76%
Dallas Cowboys WR George Pickens
76%
Miami Dolphins WR Jaylen Waddle
76%
Atlanta Falcons QB Michael Penix Jr.
76%
Cincinnati Bengals WR Tee Higgins
76%
New York Giants WR Wan'Dale Robinson
75%
Detroit Lions RB Jahmyr Gibbs
74%
Houston Texans WR Jayden Higgins
74%
Baltimore Ravens TE Mark Andrews
74%
Los Angeles Rams WR Puka Nacua
74%
Baltimore Ravens WR Zay Flowers
74%
New York Jets RB Breece Hall
73%
Pittsburgh Steelers WR DK Metcalf
73%
Seattle Seahawks RB Kenneth Walker
73%
Las Vegas Raiders RB Ashton Jeanty
72%
Buffalo Bills TE Dalton Kincaid
72%
Chicago Bears WR DJ Moore
72%
Green Bay Packers RB Josh Jacobs
72%
New Orleans Saints RB Alvin Kamara
69%
New Orleans Saints TE Juwan Johnson
69%
New York Giants TE Theo Johnson
69%
Houston Texans WR Nico Collins
68%
New England Patriots RB TreVeyon Henderson
68%
New Orleans Saints QB Tyler Shough
68%
Denver Broncos WR Courtland Sutton
67%
Cleveland Browns WR Jerry Jeudy
67%
Atlanta Falcons TE Kyle Pitts
67%
Jacksonville Jaguars RB Travis Etienne
67%
Kansas City Chiefs RB Kareem Hunt
66%
Las Vegas Raiders TE Brock Bowers
65%
Chicago Bears TE Colston Loveland
65%
Atlanta Falcons WR Drake London
65%
Detroit Lions TE Sam LaPorta
65%
Washington Commanders WR Terry McLaurin
65%
New Orleans Saints WR Chris Olave
64%
Philadelphia Eagles TE Dallas Goedert
64%
Washington Commanders QB Marcus Mariota
64%
Carolina Panthers WR Tetairoa McMillan
64%
Jacksonville Jaguars WR Brian Thomas Jr.
63%
Chicago Bears RB D'Andre Swift
63%
Buffalo Bills WR Khalil Shakir
63%
Kansas City Chiefs WR Rashee Rice
63%
Seattle Seahawks WR Cooper Kupp
62%
Green Bay Packers WR Christian Watson
61%
Pittsburgh Steelers RB Jaylen Warren
61%
Arizona Cardinals WR Marvin Harrison Jr.
61%
Arizona Cardinals TE Trey McBride
61%
Tennessee Titans RB Tony Pollard
60%
Indianapolis Colts WR Alec Pierce
59%
Washington Commanders WR Deebo Samuel
59%
Buffalo Bills WR Keon Coleman
59%
Indianapolis Colts WR Michael Pittman Jr.
59%
Indianapolis Colts TE Tyler Warren
59%
Arizona Cardinals QB Jacoby Brissett
58%
Tampa Bay Buccaneers WR Emeka Egbuka
57%
Minnesota Vikings TE TJ Hockenson
57%
Minnesota Vikings WR Jordan Addison
56%
Chicago Bears WR Rome Odunze
56%
Cleveland Browns RB Quinshon Judkins
55%
Los Angeles Chargers WR Ladd McConkey
54%
Carolina Panthers RB Rico Dowdle
54%
Dallas Cowboys TE Jake Ferguson
53%
Baltimore Ravens WR DeAndre Hopkins
52%
Tampa Bay Buccaneers RB Bucky Irving
51%
San Francisco 49ers WR Jauan Jennings
51%
New England Patriots WR Kayshon Boutte
51%
Green Bay Packers WR Romeo Doubs
51%
Denver Broncos RB JK Dobbins
50%
Washington Commanders TE Zach Ertz
50%
Houston Texans TE Dalton Schultz
49%
Jacksonville Jaguars WR Parker Washington
48%
Las Vegas Raiders WR Jakobi Meyers
47%
Miami Dolphins WR Malik Washington
47%
Green Bay Packers TE Tucker Kraft
47%
New York Giants RB Tyrone Tracy Jr.
46%
Denver Broncos TE Evan Engram
45%
Cleveland Browns TE Harold Fannin Jr.
45%
Tampa Bay Buccaneers TE Cade Otton
44%
Cincinnati Bengals TE Mike Gesicki
43%
Pittsburgh Steelers TE Pat Freiermuth
42%
Atlanta Falcons WR Darnell Mooney
41%
Minnesota Vikings RB Jordan Mason
41%
Seattle Seahawks TE AJ Barner
37%
New Orleans Saints WR Rashid Shaheed
37%
Jacksonville Jaguars TE Brenton Strange
36%
Washington Commanders RB Jacory Croskey-Merritt
36%
Pittsburgh Steelers WR Calvin Austin
35%
Las Vegas Raiders WR Tre Tucker
35%
Houston Texans RB Woody Marks
35%
Denver Broncos WR Troy Franklin
31%
Tennessee Titans WR Chimere Dike
30%
Los Angeles Chargers RB Kimani Vidal
30%
Los Angeles Chargers TE Oronde Gadsden II
30%
New York Jets WR Adonai Mitchell
29%
Tennessee Titans TE Chigoziem Okonkwo
29%
Los Angeles Rams TE Colby Parkinson
29%
New York Giants WR Darius Slayton
27%
Carolina Panthers WR Jalen Coker
27%
Carolina Panthers TE Tommy Tremble
23%
Tennessee Titans WR Elic Ayomanor
21%
San Francisco 49ers WR Kendrick Bourne
21%
Tampa Bay Buccaneers WR Sterling Shepard
18%
Cleveland Browns WR Isaiah Bond
16%
Arizona Cardinals RB Michael Carter
16%
Miami Dolphins TE Greg Dulcich
13%
No matching quizzes found
Score Distribution
Percent of People with Each Score
Percentile by Number Answered
Your Score History
You have not taken this quiz